01013nam a2200229 a 4500001001000000005001700010008004100027020001500068040001300083050002100096100003800117245019200155260005700347300004200404500007900446504003100525600005200556650004100608650004300649700003900692710005200731BRCA_112920190320203307.0931112s1993 mx-a---##b---#000-0#spa-# a9686191437 aDLCcDLC 4aND813b.V35 19931 aValdés Leal, Juan ded1622-169010aJuan de Valdés Leal y el arte sevillano del barrococcoordinación, investigación, revisión, edición y cuidado de la publicación, Lucía García-Noriega y Nieto ... [et al.]. aMéxicobCentro Cultural Arte Contemporáneoc1993 a340 p.bil. (algunas a color)c29 cm. aCatálogo de la exposición realizada del 5 agosto - 5 diciembre, 1993. aBibliografía: p. 327-33314aValdés Leal, Juan ded1622-1690vExposiciones14aArte barrocovExposicioneszEspaña14aArte españolvExposicioneszEspaña1 aGarcía-Norgiega y Nieto, Lucía2 aCentro Cultural/Arte Contemporáneo (México)